| 000 | 00598nam a2200193Ia 4500 | ||
|---|---|---|---|
| 003 | GCL | ||
| 008 | 140319s9999 xx 000 0 ara d | ||
| 040 |
_aGCL / _cGCL |
||
| 082 | 0 | 4 |
_a810.1 _bع م |
| 100 | 1 | _aعلى جواد الطاهر | |
| 245 | 1 | 0 |
_aمنهج البحث الادبى / _cعلى جواد الطاهر |
| 260 |
_a[S.N] : _bمنشورات وتوزيع المكتبة العالمية ، _c1986 |
||
| 300 | _a160 ص | ||
| 490 | _a | ||
| 650 | 0 | 4 | _aالادب العربى |
| 650 | 0 | 4 | _aطرق البحث |
| 650 | 0 | 4 | _aالادب العربى - طرق بحث |
| 942 |
_2ddc _cBK |
||
| 999 |
_c36424 _d36424 |
||